Mongolic Languages of the Soviet Union - Statistics

General Stats
  • This quiz has been taken 46 times
  • The average score is 3 of 5
Answer Stats
Hint Answer % Correct
Mongolic - Central Mongolic Mongolian
85%
Mongolic - Central Mongolic Buryat
74%
Mongolic - Central Mongolic - Kalmyk-Oirat Kalmyk
74%
Mongolic - Central Mongolic - Kalmyk-Oirat Oirat
46%
Mongolic - Central Mongolic Khamnigan Mongol
3%
No matching quizzes found
Score Distribution
Percent of People with Each Score
Percentile by Number Answered
Your Score History
You have not taken this quiz